[Event "Foment Martinenc op-A 23rd"]
[Site "Barcelona"]
[Date "2023.06.10"]
[Round "8"]
[White "Uddin Khanam, Ayan"]
[Black "Perez Vidal, Ian"]
[Result "0-1"]
[WhiteElo "1302"]
[BlackElo "1765"]
[PlyCount "86"]
[EventDate "2023.04.22"]
[EventType "swiss"]
[EventRounds "9"]
[EventCountry "ESP"]
[SourceTitle "EXT 2024"]
[Source "ChessBase"]
[SourceDate "2023.10.10"]
[SourceVersion "1"]
[SourceVersionDate "2023.10.10"]
[SourceQuality "1"]

1. e4 e5 2. Nf3 Nc6 3. Bb5 a6 4. Ba4 Nf6 5. 0-0 Be7 6. Re1 b5 7. Bb3 d6 8. h3 a5 9. a4 b4 10. c3 Ba6 11. d4 Rb8 12. Bd5 Bb7 13. Bxc6+ Bxc6 14. d5 Bd7 15. Bd2 c5 16. c4 Qc8 17. b3 h6 18. Nh2 g5 19. g4 Rg8 20. f3 h5 21. Kg2 hxg4 22. hxg4 Kd8 23. Rh1 Kc7 24. Qc1 Nxg4 25. Nxg4 Bxg4 26. Rh7 Rh8 27. Rxh8 Bxf3+ 28. Kxf3 Qxh8 29. Qg1 Qh3+ 30. Qg3 g4+ 31. Kf2 Bh4 32. Qxh4 Qxh4+ 33. Ke2 Qh2+ 34. Kd3 Rh8 35. Be3 Rh3 36. Nd2 Qf2 37. Nf1 Qb2 38. Ra2 Qxa2 39. Ng3 Qxb3+ 40. Kd2 Rxg3 41. Bg1 Qc3+ 42. Ke2 Rxg1 43. Kf2 Qe1# 0-1

[Event "Foment Martinenc op-A 23rd"]
[Site "Barcelona"]
[Date "2023.06.03"]
[Round "7"]
[White "Vivancos Munoz, Manuel"]
[Black "Uddin Khanam, Ayan"]
[Result "1-0"]
[WhiteElo "1708"]
[BlackElo "1302"]
[PlyCount "65"]
[EventDate "2023.04.22"]
[EventType "swiss"]
[EventRounds "9"]
[EventCountry "ESP"]
[SourceTitle "EXT 2024"]
[Source "ChessBase"]
[SourceDate "2023.10.10"]
[SourceVersion "1"]
[SourceVersionDate "2023.10.10"]
[SourceQuality "1"]

1. d4 d5 2. Bf4 Nf6 3. e3 e6 4. Bd3 Nbd7 5. Nf3 Be7 6. Nbd2 c5 7. c3 0-0 8. Ne5 Nxe5 9. dxe5 Nd7 10. Qh5 f5 11. Nf3 c4 12. Bc2 b5 13. g4 g6 14. Qh6 Rf7 15. gxf5 Bf8 16. Qh3 gxf5 17. Ng5 Re7 18. Nxe6 Rxe6 19. Bxf5 Re7 20. Rg1+ Kh8 21. e6 Nf6 22. Be5 Rb7 23. Qh4 Bg7 24. Rxg7 Kxg7 25. Qg5+ Kf8 26. Bxf6 Qd6 27. Qh6+ Kg8 28. 0-0-0 Bxe6 29. Bxe6+ Qxe6 30. Rg1+ Kf7 31. Rg7+ Ke8 32. Rxb7 Qc6 33. Re7+ 1-0

[Event "Foment Martinenc op-A 23rd"]
[Site "Barcelona"]
[Date "2023.04.29"]
[Round "2"]
[White "Molina Figueroa, Antoni"]
[Black "Uddin Khanam, Ayan"]
[Result "1-0"]
[WhiteElo "1870"]
[BlackElo "1302"]
[PlyCount "81"]
[EventDate "2023.04.22"]
[EventType "swiss"]
[EventRounds "9"]
[EventCountry "ESP"]
[SourceTitle "EXT 2024"]
[Source "ChessBase"]
[SourceDate "2023.10.10"]
[SourceVersion "1"]
[SourceVersionDate "2023.10.10"]
[SourceQuality "1"]

1. e4 c5 2. Nc3 g6 3. Bc4 Bg7 4. Qf3 e6 5. Nb5 d6 6. Qg3 Be5 7. f4 Bg7 8. e5 d5 9. Nd6+ Kf8 10. Be2 Ne7 11. Qa3 b6 12. g4 f5 13. g5 h6 14. Nf3 hxg5 15. Nxg5 Bh6 16. Ndf7 Qc7 17. Nxh8 Bxg5 18. fxg5 Qxe5 19. Qc3 d4 20. Qf3 Qd5 21. Qxd5 Nxd5 22. Nxg6+ Kg7 23. Ne5 Bb7 24. Rg1 Nb4 25. Kd1 N8c6 26. Nxc6 Bxc6 27. h4 f4 28. Bg4 e5 29. a3 Nd5 30. d3 Ne3+ 31. Bxe3 dxe3 32. Ke2 Rd8 33. Rad1 Bb5 34. b3 a6 35. Bf3 Be8 36. g6 b5 37. h5 a5 38. Rg5 Kf6 39. Rdg1 Bd7 40. g7 Rg8 41. Bd5 1-0

[Event "Barcelona Sant Marti op-B 22nd"]
[Site "Barcelona"]
[Date "2022.07.17"]
[Round "5"]
[White "Uddin Khanam, Ayan"]
[Black "Plantada Siurans, Estanislau"]
[Result "0-1"]
[WhiteElo "1112"]
[BlackElo "1559"]
[PlyCount "106"]
[EventDate "2022.07.13"]
[EventType "swiss"]
[EventRounds "9"]
[EventCountry "ESP"]
[SourceTitle "CBM 210 Extra"]
[Source "ChessBase"]
[SourceDate "2022.11.30"]
[SourceVersion "1"]
[SourceVersionDate "2022.11.30"]
[SourceQuality "1"]

1. e4 c5 2. Nf3 a6 3. d4 cxd4 4. Nxd4 Nf6 5. Nc3 e5 6. Nb3 Bb4 7. f3 d5 8. exd5 Bxc3+ 9. bxc3 Qxd5 10. Bd3 0-0 11. 0-0 Qc5+ 12. Kh1 Qxc3 13. Ba3 Re8 14. Rb1 Nd5 15. Bb2 Qc7 16. Bxh7+ Kxh7 17. Qxd5 Nc6 18. Qc5 Bf5 19. f4 b6 20. Bxe5 Rxe5 21. Qc3 Re7 22. Nd4 Nxd4 23. Qxd4 Qc5 24. Qd2 Rae8 25. Rfe1 Rd7 26. Qc1 Rde7 27. Qd2 Qxc2 28. Qb4 Rxe1+ 29. Rxe1 Rxe1+ 30. Qxe1 Qb1 31. Qxb1 Bxb1 32. a3 a5 33. Kg1 Kg6 34. Kf2 Kf5 35. Kf3 Be4+ 36. Ke3 Bxg2 37. h4 b5 38. Kd4 Kxf4 39. Kc5 Bf1 40. h5 Kg5 41. Kb6 a4 42. Kc5 Kxh5 43. Kb4 g5 44. Kc3 Kh4 45. Kd2 Kh3 46. Ke1 Bc4 47. Kf2 Kh2 48. Kf3 f5 49. Kf2 g4 50. Ke1 g3 51. Kd2 g2 52. Ke3 g1Q+ 53. Kf3 Qg3# 0-1

[Event "Foment Martinenc op-C 22nd"]
[Site "Barcelona"]
[Date "2022.06.18"]
[Round "9"]
[White "Julbe Colom, Lluis"]
[Black "Uddin Khanam, Ayan"]
[Result "1/2-1/2"]
[WhiteElo "1745"]
[BlackElo "1541"]
[PlyCount "129"]
[EventDate "2022.04.23"]
[EventType "swiss"]
[EventRounds "9"]
[EventCountry "ESP"]
[SourceTitle "EXT 2023"]
[Source "ChessBase"]
[SourceDate "2022.10.05"]
[SourceVersion "1"]
[SourceVersionDate "2022.10.05"]
[SourceQuality "1"]

1. Nf3 Nf6 2. c4 Nc6 3. Nc3 e5 4. e4 Bc5 5. Be2 d6 6. Na4 Nxe4 7. Nxc5 Nxc5 8. d4 exd4 9. Nxd4 Bd7 10. b3 Qh4 11. Nf3 Qf6 12. Bg5 Qg6 13. 0-0 h6 14. Bh4 0-0 15. Re1 Rfe8 16. Rc1 Bf5 17. Bg3 Re6 18. Nh4 Qf6 19. Nxf5 Qxf5 20. Qd2 Rae8 21. Kf1 Ne4 22. Qf4 Nxg3+ 23. hxg3 Qg6 24. Qd2 Rf6 25. Bf3 Rfe6 26. Bd5 Re5 27. Rxe5 Rxe5 28. Re1 Rxe1+ 29. Qxe1 Qd3+ 30. Kg1 Kf8 31. Qe4 Qxe4 32. Bxe4 Ke7 33. f4 g6 34. g4 Ke6 35. Kf2 Nd8 36. Ke3 g5 37. g3 f6 38. Bd5+ Kd7 39. b4 c6 40. Be4 Ke6 41. Bf5+ Ke7 42. a4 b6 43. b5 cxb5 44. axb5 Ne6 45. Ke4 Nc5+ 46. Kd5 a5 47. bxa6 Nxa6 48. Kc6 Nb4+ 49. Kxb6 Na2 50. c5 dxc5 51. Kxc5 Nc1 52. fxg5 fxg5 53. Kd5 Ne2 54. Ke5 Nxg3 55. Bc8 Kf7 56. Bd7 Kg7 57. Be8 Nh1 58. Bd7 Nf2 59. Be6 Nd3+ 60. Kf5 Nc5 61. Bc8 Nd3 62. Bd7 Nf2 63. Bc8 h5 64. Kxg5 hxg4 65. Bxg4 1/2-1/2

[Event "Foment Martinenc op-C 22nd"]
[Site "Barcelona"]
[Date "2022.06.11"]
[Round "8"]
[White "Abascal Vicente, Ignacio"]
[Black "Uddin Khanam, Ayan"]
[Result "0-1"]
[WhiteElo "1829"]
[BlackElo "1541"]
[PlyCount "148"]
[EventDate "2022.04.23"]
[EventType "swiss"]
[EventRounds "9"]
[EventCountry "ESP"]
[SourceTitle "EXT 2023"]
[Source "ChessBase"]
[SourceDate "2022.10.05"]
[SourceVersion "1"]
[SourceVersionDate "2022.10.05"]
[SourceQuality "1"]

1. e4 c5 2. Nf3 g6 3. d4 cxd4 4. Nxd4 Bg7 5. Be3 Nc6 6. Nc3 Nf6 7. Bc4 Qa5 8. 0-0 0-0 9. Bb3 e6 10. Ndb5 Nxe4 11. Nxe4 Qxb5 12. Nd6 Qa6 13. c3 Rd8 14. Qf3 Ne5 15. Qd1 Bf8 16. Bg5 Bxd6 17. Bxd8 Kg7 18. Bh4 Qb6 19. Bg3 Qc6 20. Re1 f6 21. Kh1 b6 22. Qe2 Bb7 23. f3 h5 24. Rad1 h4 25. Bf2 h3 26. Qe4 hxg2+ 27. Kxg2 Qc7 28. Bd5 f5 29. Bxb7 fxe4 30. Bxa8 Nxf3 31. Rxe4 Ng5 32. Red4 Nf7 33. Bf3 Kf8 34. Rxd6 Nxd6 35. Bg3 Kf7 36. Bxd6 Qd8 37. Rf1 Qg5+ 38. Bg3 Qd2+ 39. Rf2 Qg5 40. h4 Qc5 41. h5 Kg7 42. hxg6 Kxg6 43. Be4+ Kg7 44. Kh3 Qh5+ 45. Bh4 Qh6 46. Rg2+ Kf8 47. Rf2+ Kg7 48. Rf6 Qe3+ 49. Bf3 Qg1 50. Bg2 Qe3+ 51. Rf3 Qh6 52. Rg3+ Kf7 53. Be4 Kf8 54. Bg6 Qh8 55. Rf3+ Kg7 56. Rf6 Kg8 57. Kg4 Kg7 58. Bh5 Kg8 59. Bg5 Kg7 60. Rf7+ Kg8 61. Bf6 Qh6 62. Rg7+ Kf8 63. Rg6 Qh7 64. Bg7+ Ke7 65. Bf6+ Kf8 66. Rg7 Qf5+ 67. Kh4 Qxf6+ 68. Rg5 Qf2+ 69. Kh3 Qxb2 70. Rg3 Qxa2 71. Rf3+ Ke7 72. Rf7+ Kd6 73. Rf3 Qc2 74. Kg3 a5 0-1

[Event "Foment Martinenc op-C 22nd"]
[Site "Barcelona"]
[Date "2022.06.04"]
[Round "7"]
[White "Uddin Khanam, Ayan"]
[Black "Ylla Soro, Rafael"]
[Result "1/2-1/2"]
[WhiteElo "1541"]
[BlackElo "1714"]
[PlyCount "73"]
[EventDate "2022.04.23"]
[EventType "swiss"]
[EventRounds "9"]
[EventCountry "ESP"]
[SourceTitle "EXT 2023"]
[Source "ChessBase"]
[SourceDate "2022.10.05"]
[SourceVersion "1"]
[SourceVersionDate "2022.10.05"]
[SourceQuality "1"]

1. e4 c5 2. Nf3 Nc6 3. c3 e5 4. Bc4 Nf6 5. Ng5 d5 6. exd5 Nxd5 7. Qh5 g6 8. Qf3 Qxg5 9. Bxd5 Nd8 10. 0-0 Bg4 11. Qg3 Qf4 12. Qxf4 exf4 13. h3 Be6 14. Re1 Bd6 15. d4 cxd4 16. cxd4 0-0 17. Nc3 Bxd5 18. Nxd5 Nc6 19. Rd1 f5 20. Bxf4 Bxf4 21. Nxf4 Rfd8 22. d5 Ne5 23. d6 Kf7 24. Rac1 Rd7 25. Rc7 Rad8 26. Re1 Kf6 27. Nd5+ Ke6 28. f4 Kxd6 29. Rxe5 Rxc7 30. Nxc7 Kxc7 31. Kf2 Rd7 32. Ke2 Kc6 33. Re3 b5 34. Rd3 Re7+ 35. Re3 Rd7 36. Rd3 Re7+ 37. Re3 1/2-1/2

[Event "Foment Martinenc op-C 22nd"]
[Site "Barcelona"]
[Date "2022.04.23"]
[Round "1"]
[White "Uddin Khanam, Ayan"]
[Black "Rodriguez Batuecas, Jordi"]
[Result "1/2-1/2"]
[WhiteElo "1541"]
[BlackElo "1736"]
[PlyCount "109"]
[EventDate "2022.04.23"]
[EventType "swiss"]
[EventRounds "9"]
[EventCountry "ESP"]
[SourceTitle "EXT 2023"]
[Source "ChessBase"]
[SourceDate "2022.10.05"]
[SourceVersion "1"]
[SourceVersionDate "2022.10.05"]
[SourceQuality "1"]

1. e4 c5 2. Nf3 d6 3. d4 cxd4 4. Nxd4 Nf6 5. Nc3 a6 6. h3 Nc6 7. Be3 e6 8. Be2 Be7 9. f4 Bd7 10. Bf3 Qc7 11. Qd2 b5 12. a3 Rc8 13. 0-0 0-0 14. Qf2 e5 15. fxe5 Nxe5 16. Qg3 Ng6 17. Nf5 Be6 18. h4 d5 19. Nxe7+ Nxe7 20. e5 Nd7 21. Bf4 Ng6 22. Rac1 Nxf4 23. Qxf4 Qxe5 24. Qxe5 Nxe5 25. Bxd5 Bxd5 26. Nxd5 Rc5 27. Ne7+ Kh8 28. b3 g6 29. Rfd1 Re8 30. Rd5 Rc7 31. Rxe5 Rcxe7 32. Rxe7 Rxe7 33. Rd1 Re2 34. Rd6 Re6 35. Rd4 Kg7 36. Kf2 h6 37. Kf3 f5 38. c4 Kf6 39. cxb5 axb5 40. Rb4 Ra6 41. a4 bxa4 42. Rxa4 Rb6 43. b4 Ke5 44. Ke3 g5 45. hxg5 hxg5 46. Ra5+ Ke6 47. b5 Kd5 48. Kd3 Kc5 49. Kc3 f4 50. Ra6 g4 51. Rxb6 Kxb6 52. Kd3 f3 53. gxf3 gxf3 54. Ke3 Kxb5 55. Kxf3 1/2-1/2